000 01007cam a2200277 a 4500
001 38696
003 BD-RjUL
005 20211209052837.0
008 160209s2004 bg a b 000 0 beno
020 _a984321661X
035 _a(BD-RjUL)38805
040 _aDLC
_cDLC
_dDLC
_dBD-RjUL
_bben
041 _aben
082 _222
_a954.924
_bANR 2004
100 1 _a আনা, আনারুল হক
_9119388
245 1 0 _aরাজশাহী মহানগরীর কথা /
_cআনারুল হক আনা.
250 _a১ম সং.
260 _aরাজশাহী :
_bআনিকা-আস-আদ প্রকাশনী,
_c২০০৪.
300 _a২৯৭ পৃ :
_bচিত্র ;
_c২৩ সেমি.
504 _aIncludes bibliographical references (p. 292-297).
520 _aHistory of the city of Rājshāhi, Bangladesh.
651 0 _aRājshāhi (Bangladesh)
_xHistory.
_9117734
942 _2ddc
_cBK
999 _c38696
_d38696